Materialist feminism and the politics of discourse / (Record no. 25)
[ view plain ]
| 000 -LEADER | |
|---|---|
| fixed length control field | 00675pam a2200217 a 4500 |
| 001 - CONTROL NUMBER | |
| control field | 2030816 |
| 005 - DATE AND TIME OF LATEST TRANSACTION | |
| control field | 20231117015453.0 |
| 008 - FIXED-LENGTH DATA ELEMENTS--GENERAL INFORMATION | |
| fixed length control field | 920304s1993 nyu b 001 0 eng |
| 020 ## - INTERNATIONAL STANDARD BOOK NUMBER | |
| ISBN | 041590479X (cloth : alk. paper) |
| 020 ## - INTERNATIONAL STANDARD BOOK NUMBER | |
| ISBN | 0415904803 (pbk. : alk. paper) |
| 040 ## - CATALOGING SOURCE (பட்டியலாக்க மூலம்) | |
| Original cataloging agency | DLC |
| Transcribing agency | DLC |
| Modifying agency | DLC |
| 082 00 - DDC Classification | |
| Class No. | 305.42/01 |
| DDC Edition Number | 20 |
| Item Number - Author Mark | HES |
| 100 1# - MAIN ENTRY--PERSONAL NAME | |
| Personal name | Hennessy, Rosemary. |
| 245 10 - TITLE STATEMENT | |
| Title | Materialist feminism and the politics of discourse / |
| Statement of responsibility, etc. | Rosemary Hennessy. |
| 260 ## - PUBLICATION, DISTRIBUTION, ETC. | |
| Place of publication, distribution, etc. | New York : |
| Name of publisher, distributor, etc. | Routledge, |
| Date of publication, distribution, etc. | 1993. |
| 300 ## - PHYSICAL DESCRIPTION | |
| Extent (e.g. Volumes, Pages etc.) | ix, 177 p. ; |
| 650 #0 - SUBJECT ADDED ENTRY--TOPICAL TERM | |
| Topical term or geographic name entry element | Feminist theory. |
| 650 #0 - SUBJECT ADDED ENTRY--TOPICAL TERM | |
| Topical term or geographic name entry element | Marxist criticism. |
| 856 42 - ELECTRONIC LOCATION AND ACCESS | |
| Uniform Resource Identifier | <a href="http://www.loc.gov/catdir/enhancements/fy0651/92009689-d.html">http://www.loc.gov/catdir/enhancements/fy0651/92009689-d.html</a> |
| 942 ## - Koha item type (Biblio) | |
| Koha item type | Books in Stacks (Lending) |
| Lost status | Damaged status | Collection code | Home library | Current library | Date acquired | Full call number | Accession Number | Item type |
|---|---|---|---|---|---|---|---|---|
| Lending | WERC Library | WERC Library | 11/17/2023 | 305.42/01 HES | 3604 | Books in Stacks (Lending) |
